000 00183 a2200085 4500
020 _a9780799328127
082 _aAF VAND
100 _aVan Der Merwe, Marie
245 _aAlda van droomberg
999 _c732660
_d732659
942 _y440
_zCathrine Sibiya